000 01395nam a2200325Ia 4500
001 ebr10387128
003 CaPaEBR
006 m u
007 cr cn|||||||||
008 100407s2010 enkab sb 001 0 eng d
010 _z 2010398429
020 _z9781861978592 (hbk.)
020 _z1861978596 (hbk.)
040 _aCaPaEBR
_cCaPaEBR
035 _a(OCoLC)659730281
050 1 4 _aNX750.G7
_bH66 2010eb
100 1 _aHoock, Holger.
245 1 0 _aEmpires of the imagination
_h[electronic resource] :
_bpolitics, war and the arts in the British world, 1750-1850 /
_cHolger Hoock.
260 _aLondon :
_bProfile Books,
_c2010.
300 _axxx, 514 p., [16] p. :
_bill., maps.
504 _aIncludes bibliographical references (p. 397-488) and index.
533 _aElectronic reproduction.
_bPalo Alto, Calif. :
_cebrary,
_d2010.
_nAvailable via World Wide Web.
_nAccess may be limited to ebrary affiliated libraries.
650 0 _aArt and state
_zGreat Britain
_xHistory
_y18th century.
650 0 _aArt and state
_zGreat Britain
_xHistory
_y19th century.
651 0 _aGreat Britain
_xCivilization
_y18th century.
651 0 _aGreat Britain
_xCivilization
_y19th century.
655 7 _aElectronic books.
_2local
710 2 _aebrary, Inc.
856 4 0 _uhttp://site.ebrary.com/lib/rucke/Doc?id=10387128
_zAn electronic book accessible through the World Wide Web; click to view
999 _c205505
_d205505